000 00655nam a2200253Ia 4500
003 OSt
005 20220912153234.0
006 a|||||r|||| 00| 0
007 ta
008 220909b |||||||| |||| 00| 0 eng d
024 _a468
037 _cTextual
040 _aCSL
_beng
_cCSL
041 _aeng
082 _aB27p1,N78, M0 Mo;1
100 _aNarayana T.V.
245 0 _aYoung day proceedings
260 _c1980
300 _ap.
_ccm.
700 _a Mathsen R.M.
700 _a Williams J.G. Ed.
942 _hB27p1,N78, M0 Mo;1
_cTEXL
_2CC
999 _c99547
_d99547